ABN AMRO Holding N.V. annual report 1996
Salvato in:
| Natura: | Libro |
|---|---|
| Lingua: | inglese |
| Pubblicazione: |
Amsterdam
ABN AMRO Holding N.V.
[1997]
|
| Soggetti: | |
| Tags: |
Nessun Tag, puoi essere il primo ad aggiungerne!!
|
MARC
| LEADER | 00000nam a2200000 4500 | ||
|---|---|---|---|
| 001 | c108337 | ||
| 005 | 20221124073029.2 | ||
| 041 | 0 | |a eng | |
| 044 | |a NL | ||
| 245 | 1 | 0 | |a ABN AMRO Holding N.V. |b annual report 1996 |
| 264 | 1 | |a Amsterdam |b ABN AMRO Holding N.V. |c [1997] | |
| 300 | |a 118 s. | ||
| 610 | 2 | 0 | |a banky |
| 610 | 2 | 0 | |a predstavenstvo |
| 610 | 2 | 0 | |a rady dozorné |
| 610 | 2 | 0 | |a Holandsko |